000 00329nam a2200133Ia 4500
005 20251222155204.0
008 251222s9999||||xx |||||||||||||| ||spa||
082 _aMEQ.251
100 _aBERNARDA OSPINA.
245 0 _aTécnicas de comunicación terapeutica
250 _a1ra. ed.
264 _bUniv. De Antiokía
942 _cLIB
999 _c40055
_d40055